| 000 | 02933nam a22007337a 4500 | ||
|---|---|---|---|
| 005 | 20250819180327.0 | ||
| 007 | cr c| |aaaa | ||
| 008 | 250819b20251808ag ||||o | a1 spa d | ||
| 022 | _a2683-8729 | ||
| 040 |
_cAR-FvUNAJ _dAR-FvUNAJ _eaacr2 |
||
| 041 | _aspa | ||
| 111 | 2 |
_921863 _aJornadas de Intercambio de Experiencias de Investigación del IEI _n(4ª : _dDiciembre de 2023 : _cFlorencio Varela) |
|
| 245 | 1 | 0 |
_aIV Jornadas de Intercambio de Experiencias de Investigación del IEI / _cCompilado por Mirta Amati |
| 260 |
_aFlorencio Varela : _bUniversidad Nacional Arturo Jauretche, _c2025 |
||
| 300 |
_a127 p. : _bDigital |
||
| 520 | _aActas de la IV Jornadas de Intercambio de Experiencias de Investigación del IEI. | ||
| 540 |
_aEsta obra está bajo una Licencia Creative Commons Argentina. Atribución - No Comercial - Sin Derivadas 2.5 Argentina (CC BY-NC-ND 2.5 AR) _uhttps://creativecommons.org/licenses/by-nc-nd/2.5/ar/ |
||
| 650 | 2 | 4 |
_99032 _aINVESTIGACION CIENTIFICA |
| 650 | 2 | 7 |
_2unescot _99400 _aPANDEMIAS |
| 650 | 2 | 7 |
_2unescot _9946 _aENSEÑANZA SUPERIOR |
| 650 | 2 | 7 |
_2unescot _97623 _aCULTURA DE MASAS |
| 650 | 2 | 7 |
_2unescot _94155 _aHISTORIA SOCIAL |
| 650 | 2 | 7 |
_2unescot _98034 _aINVESTIGACION HISTORICA |
| 700 | 1 |
_96868 _aAmati, Mirta |
|
| 700 | 1 |
_920872 _aBagnato, María Laura |
|
| 700 | 1 |
_94992 _aBartalini, Carolina |
|
| 700 | 1 |
_920258 _aBasile, Cristina Alejandra |
|
| 700 | 1 |
_914622 _aBiaggini, Martin Alejandro |
|
| 700 | 1 |
_92106 _aBifano, Fernando J. |
|
| 700 | 1 |
_916157 _aCatalá del Río, Paloma |
|
| 700 | 1 |
_911205 _aCecchi, Ana |
|
| 700 | 1 |
_96863 _aDelgado, Julián |
|
| 700 | 1 |
_92687 _aEscobar, Mariela |
|
| 700 | 1 |
_921640 _aFernández, Claudia |
|
| 700 | 1 |
_918551 _aFreschi, Romina |
|
| 700 | 1 |
_91591 _aGarbarini, Mónica |
|
| 700 | 1 |
_921864 _aGarcía, Victoria |
|
| 700 | 1 |
_9636 _aGonzález Velasco, Carolina |
|
| 700 | 1 |
_91597 _aGrammático, Karin |
|
| 700 | 1 |
_96872 _aHerrera, Nicolás |
|
| 700 |
_91585 _aItchart, Laura |
||
| 700 | 1 |
_92054 _aKaplan, Laura Sabina |
|
| 700 | 1 |
_920308 _aKoval, Martin |
|
| 700 | 1 |
_921865 _aLenga, Jésica |
|
| 700 | 1 |
_92690 _aLópez D'Amato, Silvia |
|
| 700 | 1 |
_92105 _aLupinacci, Leonardo J. |
|
| 700 | 1 |
_920316 _aMeddis, Lucas |
|
| 700 | 1 |
_94997 _aMerino, Mercedes |
|
| 700 | 1 |
_914173 _aMórtola, Gustavo |
|
| 700 | 1 |
_921866 _aPacheco, Antonella |
|
| 700 | 1 |
_921867 _aPayan Melendi, Anahí |
|
| 700 | 1 |
_920873 _aRispoli, María Florencia |
|
| 700 | 1 |
_94999 _aSáez, Rodrigo |
|
| 700 | 1 |
_92220 _aSchuttenberg, Mauricio |
|
| 700 | 1 |
_914608 _aSolana, Mariela |
|
| 700 |
_91213 _aSozzi, Martín |
||
| 700 | 1 |
_921870 _aSteimberg, Darío |
|
| 700 | 1 |
_96874 _aTejero Yosovitch, Yael Natalia |
|
| 700 | 1 |
_96860 _aVinelli, Elena Elvira |
|
| 856 |
_qapplication/pdf _uhttps://rid.unaj.edu.ar/handle/123456789/3347 |
||
| 942 |
_2ddc _cREV |
||
| 980 |
_620072 _a Matías Regueira _820072 _g Matías Regueira |
||
| 999 |
_c11065 _d11065 |
||